MARC

LEADER 00000nam a2200000Ia 4500
001 9551
008 160829s1990 xx 000 0 cat d
080 |a L-1-258 
100 |a Yourcenar, Marguerite  |9 27033 
245 |a Donar al Cèsar / Marguerite Yourcenar ; traducció de Lluís-Anton Baulenas 
260 |a Barcelona :  |b Institut del Teatre de la Diputació de Barcelona,  |c 1990 
300 |a 121 p. ;  |c 18 cm 
490 |a Biblioteca teatral ; 73 
590 |a Premi Josep M. de Sagarra 1989 
700 |a Baulenas, Lluis-Antón  |9 571 
710 1 |a Institut del Teatre (Barcelona, Catalunya)  |9 52662 
901 |a Arxiu 
942 |n 1 
952 |0 0  |1 0  |4 0  |6 L1258  |7 1  |9 44249  |a Arxiu  |b Arxiu  |d 2016-12-01  |l 0  |o L-1-258  |p 9551  |r 2016-12-01 00:00:00  |w 2016-12-01  |y ARXIU 
999 |c 46829  |d 46829